| 000 | 01314njm a22002897a 4500 | ||
|---|---|---|---|
| 005 | 2010091503423.0 | ||
| 006 | a|||||r|||||00| 0 | ||
| 007 | sd ammalaaahaa | ||
| 008 | 100901t xxu||||| |||| 00| 0 eng d | ||
| 028 |
_aECLP. 4068 _bEMI |
||
| 035 | _aGR-02623 | ||
| 040 |
_aSED _cSED |
||
| 100 |
_aMangeshkar, Lata _917891 |
||
| 245 |
_aGoonj uthi shehnai / _cby Lata Mangeshkar; music by Vasant Desai; lyric by Bharat Vyas _h[Sound recording] |
||
| 246 | _aगूँज उठी शेहनाई / लता मंगेशकर द्वारा | ||
| 260 |
_aDum Dum, India _bEMI _c1975 |
||
| 300 |
_a1 Sound disc [Gramophone Recording] : _banalog, 33 1/3 rpm _c12 in. (LP) _fGramophone Record |
||
| 500 | _aBrief record | ||
| 500 | _aRecord Labels : EMI, Red | ||
| 505 | _aSide-1 तेरे सुर और मेरे गीत (Tere sur aur mere geet) (Lata Mangeshkar) --Side-2 जीवन में पिया तेरे साथ रहे (Jeevan men piya tera saath rahe) (Lata Mangeshkar [and] Mohammad Rafi) | ||
| 600 |
_aMangeshkar, Lata _919718 |
||
| 650 |
_aFilm songs _xExcerpts _zIndia _917892 |
||
| 700 |
_aDesai, Vasant _920083 |
||
| 700 |
_aVyas, Bharat _920112 |
||
| 942 |
_2ddc _cGR |
||
| 999 |
_c46028 _d46028 |
||